| 000 | 00768cab a2200265 4500 | ||
|---|---|---|---|
| 001 | ABS60135 | ||
| 008 | 090401t1999 xxu||||| |||| 00| 0 eng d | ||
| 035 | _a(Sirsi) u91459 | ||
| 041 | _aeng | ||
| 100 | _aMartin, M. | ||
| 245 | _aMillennium mania | ||
| 260 | _c1999 | ||
| 350 | _a0 | ||
| 490 |
_aUrban Land _v58(1) January 1999, 42-45(4) |
||
| 520 | _aDiscusses the principal Millennium projects underway in the United Kingdom, including the Millennium Dome, Millennium Point and atBristol. | ||
| 650 | _aATBRISTOL | ||
| 650 | _aMILLENNIUM COMMISSION | ||
| 650 | _aMILLENNIUM DOME | ||
| 650 | _aMILLENNIUM POINT | ||
| 650 | _aMILLENNIUM PROJECTS | ||
| 650 | _aUNITED KINGDOM | ||
| 690 | _aECONOMIC AND SOCIAL | ||
| 942 | _n0 | ||
| 948 | _c19/02/1999 | ||
| 999 |
_c58062 _d58062 |
||